Informe presentado á la Junta de Agricultura de la provincia de Lugo por su vice-presidente el Conde de Pallares en contestación al interrogatorio sobre el estado de la enseñanza agrícola, sobre los medios de contribuir á su propagación y al fomento de la agricultura dirigido en 10 de mayo de 1862 por el ministro de Fomento (Record no. 161309)

MARC details
000 -LEADER
campo de control de longitud fija 01197nam a22002175i 4500
001 - NÚMERO DE CONTROL
campo de control 161309
003 - IDENTIFICADOR DE NÚMERO DE CONTROL
campo de control ES-MaACL
005 - FECHA Y HORA DE LA ÚLTIMA TRANSACCIÓN
campo de control 20260105063013.0
008 - DATOS DE LONGITUD FIJA--INFORMACIÓN GENERAL
campo de control de longitud fija 950111s1862 sp |||| | spa d
040 ## - FUENTE DE CATALOGACIÓN
Centro catalogador/agencia de origen PAB
Lengua de catalogación spa
100 1# - ENTRADA PRINCIPAL--NOMBRE DE PERSONA
Nombre de persona Pallares, Manuel Vázquez de Parga Somoza,
Títulos y otros términos asociados al nombre Conde de
9 (RLIN) 125520
245 10 - MENCIÓN DEL TÍTULO
Título Informe presentado á la Junta de Agricultura de la provincia de Lugo por su vice-presidente el Conde de Pallares en contestación al interrogatorio sobre el estado de la enseñanza agrícola, sobre los medios de contribuir á su propagación y al fomento de la agricultura dirigido en 10 de mayo de 1862 por el ministro de Fomento
Resto del título : aprobado por la Junta y por la Diputación Provincial en sus respectivas sesiones de 8 y 17 de octubre.
260 ## - PUBLICACIÓN, DISTRIBUCIÓN, ETC.
Lugar de publicación, distribución, etc. Lugo :
Nombre del editor, distribuidor, etc. [s.n.],
Fecha de publicación, distribución, etc. 1862 (
Fabricante Imprenta de Soto Freire)
300 ## - DESCRIPCIÓN FÍSICA
Extensión 116, [4] p. ;
Dimensiones 22 cm.
610 24 - PUNTO DE ACCESO ADICIONAL DE MATERIA--NOMBRE DE ENTIDAD CORPORATIVA
Nombre de entidad corporativa o nombre de jurisdicción como elemento de entrada Lugo (Provincia).
Unidad subordinada Junta de Agricultura-
Subdivisión cronológica 1862-
Subdivisión de forma Informes.
9 (RLIN) 134665
650 #4 - PUNTO DE ACCESO ADICIONAL DE MATERIA--TÉRMINO DE MATERIA
Término de materia o nombre geográfico como elemento de entrada Agricultura-
Subdivisión de forma Informes.
9 (RLIN) 223477
710 2# - ENTRADA AGREGADA--NOMBRE DE ENTIDAD CORPORATIVA
Nombre de entidad corporativa o nombre de jurisdicción como elemento de entrada Lugo (Provincia).
Unidad subordinada Junta de Agricultura.
9 (RLIN) 134664
710 2# - ENTRADA AGREGADA--NOMBRE DE ENTIDAD CORPORATIVA
Nombre de entidad corporativa o nombre de jurisdicción como elemento de entrada Lugo (Provincia).
Unidad subordinada Diputación Provincial.
9 (RLIN) 5560
852 ## - LOCALIZACIÓN
Ubicación ES-MaACL
Número de control de estantería G-2665
Nota libre -- Enc. rus.
Holdings
Estatus retirado Estado de pérdida Estado de daño No para préstamo Colección Biblioteca de origen Biblioteca actual Ubicación en estantería Fecha de adquisición Fuente de adquisición Total de préstamos Signatura topográfica completa Código de barras Visto por última vez Precio de reemplazo Tipo de ítem Koha
        Libros del s. XIX Biblioteca del Ateneo de Madrid Biblioteca del Ateneo de Madrid Depósito 2 17/01/2008     G-2665 1168960 23/02/2023 23/02/2023 Libro impreso antiguo